De esclavo á catedrático (Registro nro. 73792)

Detalles MARC
000 -ENCABEZADO
Número de control [NR] 02214nam a2200277Ia 4500
005 - FECHA Y HORA DE LA ÚLTIMA TRANSACCIÓN
control field 20200311083553.0
008 - DE LONGITUD FIJA DE DATOS DE ELEMENTOS - INFORMACIÓN GENERAL
Elementos de longitud fija [NR] 130821s1902 xxuo fr 1 aspa
040 ## - FUENTE DE CATALOGACION [NR]
Agencia de catalogación original [NR] Co-BoUCM
Idioma de catalogación [NR] spa
Quien Cataloga Sandra Yazo
Quien Clasifica Sandra Yazo
041 1# - CODIGO DE IDIOMA [R]
Código de idioma para texto/pista de sonido o título separado [R] Español
082 04 - NUMERO DE CLASIFICACION DECIMAL DEWEY [R]
Número de clasificación [R] 920
Número de la edición [NR] 20
092 ## - SIGNATURA TOPOGRAFICA LOCAL
Número de clasificación local E11N019
100 1# - ASIENTO PRINCIPAL--NOMBRE PERSONAL [NR]
Nombre personal [NR] Washington, Booker T.
Fechas asociadas con el nombre [NR] 1856-1915
ID Autoridad 100345
245 10 - MENCION DE TITULO [NR]
Título [NR] De esclavo á catedrático
Parte restante del título [NR] Autobiografía de Booker T. Wáshington
Mención de responsabilidad, etc. [NR] Vertida del inglés al español, por Alfredo Elías y Pujol.
250 ## - MENCION DE EDICION [NR]
Mención de edición [NR] Segunda edición
260 ## - PUBLICACION, DISTRIBUCION, ETC. (PIE DE IMPRENTA) [R]
Lugar de publicación, distribución, etc. [R] Nueva York (Estados Unidos)
Nombre del editor, distribuidor, etc. [R] D. Appleton y Compañía
Fecha de publicación, distribución, etc. [R] 1902
300 ## - DESCRIPCION FISICA [R]
Extensión [R] vi, [4], 297, [14] páginas, [16] hojas lámina
Otros detalles físicos [NR] ilustraciones, fotografías
Dimensiones [R] 18 x 12 cm.
500 ## - NOTA GENERAL [R]
Nota general [NR] Detalles físicos: Encuadernación rígida (holandesa) en cartón forrado en papel. Lomo en cuero con nervaduras sobre costuras y adornos en dorado. Tapas con raspaduras y deterioro en bordes y esquinas, residuos de cinta pegante. Guardas. Antes de la portada con una hoja de cortesía con retrato del autor y nota de donación al verso (Francisco Cabo R.,1904). Portada impresa una sola tinta, con un grabado de la marca tipográfica del editor, sellos de tinta. Texto impreso en una sola columna, con diferentes tamaños de letra. Varias hojas con imágenes a blanco y negro y fuera del texto. Papel manchado, varias hojas empiezan a desprenderse al inicio de la obra. Cortes decorados. Título del lomo con errores
505 0# - NOTA DE CONTENIDO CON FORMATO PREESTABLECIDO [R]
Nota de contenido con formato preestablecido [NR] Esclavo entre esclavos ; Días juveniles ; La lucha por la educación ; El bien de los demás ; El período de reorganización ; Indios y negros ; Los comienzos en Tuskegee ; Escuela en un establo y en un gallinero ; Días de ansiedad ; Casi lo imposible ; Sin camas ni muebles ; Recogiendo dinero ; Mis primeros discursos ; Mi discurso en la Exposición de Atlanta ; El éxito en la oratoria ; Europa ; Conclusión<br/>
506 ## - NOTA DE RESTRICCIONES DE ACCESO [R]
Condiciones de acceso [NR] Consulta en sala
650 #7 - ASIENTO SECUNDARIO DE MATERIA - TERMINO TEMATICO [R]
Término temático o nombre geográfico como elemento de entrada [NR] Afrodescendientes
Subdivisión geográfica [R] Estados unidos
9 (RLIN) 68350
Subdivisión general [R] Condiciones sociales
650 #7 - ASIENTO SECUNDARIO DE MATERIA - TERMINO TEMATICO [R]
Término temático o nombre geográfico como elemento de entrada [NR] Autobiografía
9 (RLIN) 9765
650 #7 - ASIENTO SECUNDARIO DE MATERIA - TERMINO TEMATICO [R]
Término temático o nombre geográfico como elemento de entrada [NR] Profesores
9 (RLIN) 22474
Subdivisión de forma [R] Autobiografías
Subdivisión geográfica [R] Estados Unidos
690 ## - ASUNTO AGREGADO LOCAL DE ENTRADA - TÉRMINO TEMÁTICO (OCLC, RLIN)
Acceso temático local Biografías
9 (RLIN) 7343
700 1# - ASIENTO SECUNDARIO - NOMBRE PERSONAL [R]
Nombre personal [NR] Elías y Pujol, Alfredo
Término de relación [R] traductor
9 (RLIN) 100346
942 ## - ELEMENTOS DE ENTRADA AGREGADOS (KOHA)
Tipo de ítem principal el descrito en 300a Libro
Tema principal 21
Edición 2
Sistema de clasificación LOCAL
Clasificación E11N019
Existencias
Suprimido Perdido Sistema de clasificación Dañado No prestable Tipo de ítem específico Ubicación habitual Ubicación actual Localización Fecha de creación Forma de adquisición Costo Total préstamos Signatura topográfica Código de barras Última vez visto Ejemplar Price effective from Tipo de ítem
    LOCAL     Libro archivo Archivo Histórico Archivo Histórico Archivo histórico 28/02/2014 Donación 0.00   E11N019 L001666 15/12/2012 Ej.1 03/02/2013 Libro